| 000 | 01180cam a2200217 4500 | ||
|---|---|---|---|
| 001 | ABS65667 | ||
| 008 | 020704n2002 000 0 eng u | ||
| 035 | _a(Sirsi) u118683 | ||
| 245 | _aMotoring towards 2050 - let's be realistic | ||
| 260 | _c2002 | ||
| 490 |
_aTown & Country Planning _v71(6) June 2002, 158-160(3) |
||
| 520 | _aDiscusses the RAC Foundation report, 'Motoring Towards 2050: An Independent Inquiry'. Criticises the reports preoccupation with the inevitability of more car traffic growth; with a rise of nearly 50% predicted by 2031. Also argues against the report's insistence that a sustained programme of road building is crucial to stop congestion and damage to the environment. Indeed the report's claims that zero emission vehicles can appear on the market and totally replace the internal combustion engine is open to dobut as the energy needed to extract the hydrogen cannot necessarily come from renewable sources or nuclear power. | ||
| 590 | _aABS | ||
| 650 | _aRAC | ||
| 650 | _aCAR INDUSTRY | ||
| 650 | _aCAR OWNERSHIP | ||
| 650 | _aROAD DEVELOPMENT | ||
| 650 | _aRENEWABLE ENERGY | ||
| 690 | _aTRANSPORT AND COMMUNICATIONS | ||
| 942 | _n0 | ||
| 999 |
_c70682 _d70682 |
||